000 00323nam a22001217a 4500
020 _a9789385516696
082 _a581.522.5:581.5
_bBHA
100 _aBHATTACHARYA, A
245 _aAbiotic stress and physiological process in plants
260 _aNew Delhi
_bNew India Publishing Agency
_c2017
300 _a451p.
942 _cBK
999 _c74655
_d74655